00627 2200241 4500001002100000005001700021008004100038020001800079035002500097040001200122082000800134090001500142100002500157245004400182260004200226300001700268650002000285850001200305990001700317990001700334990001700351990001700368YOGYA-0209000000275220150618140403.0 ind  a979-22-0425-2 a0010-020900000002752 aYOPDYOG a813 a813bAtm S aATMOWILOTO, Arswendo aSenopati PamungkascArswendo Atmowiloto aJakartabGramedia Pustaka Utamac2003 a2 jilc23 cm aFiksi Indonesia aYOPDYOG a3405-PD/B.04 a3408-PD/B.04 a3406-PD/B.04 a3407-PD/B.04